000
00199nam a2200097Ia 4500
008
240331s9999 xx 000 0 und d
082
_b
MOY
100
_a
Mo.Y
245
0
_a
Ilamaiyin geetham
942
_c
L
999
_c
3909
_d
3909